[Event "Stay Safe Play From Home 292"]
[Site "Emanuel Lasker Arena"]
[Date "2020.07.10"]
[Round "1"]
[White "Mepe_Nika"]
[Black "Bardellosport"]
[Result "1-0"]
[WhiteElo "2355"]
[BlackElo "1943"]
[Annotator "RC"]
[PlyCount "127"]
[EventDate "2020.07.10"]
[EventType "swiss (blitz)"]

1. d4 {[%emt 0:00:01]} Nf6 {[%emt 0:00:02]} 2. Bf4 {[%emt 0:00:01]} g6 {[%emt 0:00:01]} 3. Nc3 {[%emt 0:00:01]} Bg7 {[%emt 0:00:00]} 4. e4 {[%emt 0:00:00]} d5 {[%emt 0:00:02]} 5. e5 {[%emt 0:00:01]} Ne4 {[%emt 0:00:01]} 6. Nxe4 {[%emt 0:00:00]} dxe4 {[%emt 0:00:00]} 7. Bc4 {[%emt 0:00:01]} O-O {[%emt 0:00:02]} 8. Ne2 {[%emt 0:00:00]} c6 {[%emt 0:00:01]} 9. Qd2 {[%emt 0:00:02]} Nd7 {[%emt 0:00:01]} 10. h4 {[%emt 0:00:01]} Nb6 {[%emt 0:00:01]} 11. Bb3 {[%emt 0:00:01]} Nd5 {[%emt 0:00:01]} 12. h5 {[%emt 0:00:02]} Be6 {[%emt 0:00:02]} 13. Bh6 {[%emt 0:00:01]} e3 {[%emt 0:00:03]} 14. Bxe3 {[%emt 0:00:01]} Nxe3 {[%emt 0:00:01]} 15. fxe3 {[%emt 0:00:00]} Bxb3 {[%emt 0:00:01]} 16. axb3 {[%emt 0:00:01]} Qd5 {[%emt 0:00:01]} 17. Nf4 {[%emt 0:00:02]} Qe4 {[%emt 0:00:02]} 18. hxg6 {[%emt 0:00:01]} fxg6 {[%emt 0:00:01]} 19. O-O-O {[%emt 0:00:03]} a5 {[%emt 0:00:01]} 20. Qd3 {[%emt 0:00:05]} Qxd3 {[%emt 0:00:04]} 21. Rxd3 {[%emt 0:00:00]} a4 {[%emt 0:00:00]} 22. bxa4 {[%emt 0:00:00]} Rxa4 {[%emt 0:00:00]} 23. Kd2 {[%emt 0:00:00]} b5 {[%emt 0:00:01]} 24. b3 {[%emt 0:00:01]} Ra2 {[%emt 0:00:01]} 25. Ne6 {[%emt 0:00:00]} Rc8 {[%emt 0:00:01]} 26. Rc3 {[%emt 0:00:03]} b4 {[%emt 0:00:01]} 27. Rc4 {[%emt 0:00:01]} g5 {[%emt 0:00:02]} 28. Nxg5 {[%emt 0:00:01]} h6 {[%emt 0:00:02]} 29. Ne6 {[%emt 0:00:01]} Kf7 {[%emt 0:00:01]} 30. Nxg7 {[%emt 0:00:01]} Kxg7 {[%emt 0:00:00]} 31. d5 {[%emt 0:00:00]} c5 {[%emt 0:00:01]} 32. e4 {[%emt 0:00:01]} Kg6 {[%emt 0:00:01]} 33. Rh3 {[%emt 0:00:02]} Rf8 {[%emt 0:00:01]} 34. Rf3 {[%emt 0:00:01]} Rd8 {[%emt 0:00:02]} 35. Rxc5 {[%emt 0:00:01]} Ra1 {[%emt 0:00:02]} 36. Rc6+ {[%emt 0:00:01]} Kg5 {[%emt 0:00:00]} 37. Rf5+ {[%emt 0:00:03]} Kg4 {[%emt 0:00:01]} 38. Rg6+ {[%emt 0:00:01]} Kh4 {[%emt 0:00:02]} 39. Rxh6+ {[%emt 0:00:01]} Kg4 {[%emt 0:00:00]} 40. Rg6+ {[%emt 0:00:01]} Kh4 {[%emt 0:00:01]} 41. Rf7 {[%emt 0:00:01]} Rh8 {[%emt 0:00:01]} 42. Rgg7 {[%emt 0:00:01]} Rg1 {[%emt 0:00:01]} 43. Rh7+ {[%emt 0:00:01]} Rxh7 {[%emt 0:00:00]} 44. Rxh7+ {[%emt 0:00:00]} Kg3 {[%emt 0:00:00]} 45. Kd3 {[%emt 0:00:01]} Rd1+ {[%emt 0:00:01]} 46. Kc4 {[%emt 0:00:01]} Rc1 {[%emt 0:00:01]} 47. Kxb4 {[%emt 0:00:01]} Rxc2 {[%emt 0:00:00]} 48. Rxe7 {[%emt 0:00:01]} Kf2 {[%emt 0:00:01]} 49. d6 {[%emt 0:00:01]} Re2 {[%emt 0:00:00]} 50. Kc5 {[%emt 0:00:02]} Re1 {[%emt 0:00:00]} 51. Kd5 {[%emt 0:00:00]} Rd1+ {[%emt 0:00:01]} 52. Ke6 {[%emt 0:00:00]} Ra1 {[%emt 0:00:00]} 53. d7 {[%emt 0:00:00]} Ra8 {[%emt 0:00:00]} 54. Re8 {[%emt 0:00:01]} Ra6+ {[%emt 0:00:00]} 55. Ke7 {[%emt 0:00:00]} Ra5 {[%emt 0:00:00]} 56. d8=Q {[%emt 0:00:00]} Rxe5+ {[%emt 0:00:01]} 57. Kf6 {[%emt 0:00:01]} Rg5 {[%emt 0:00:00]} 58. Kxg5 {[%emt 0:00:01]} Ke3 {[%emt 0:00:01]} 59. Qd5 {[%emt 0:00:01]} Ke2 {[%emt 0:00:00]} 60. e5 {[%emt 0:00:00]} Kf1 {[%emt 0:00:00]} 61. g4 {[%emt 0:00:00]} Kg1 {[%emt 0:00:00]} 62. Qd2 {[%emt 0:00:01]} Kh1 {[%emt 0:00:01]} 63. Rc8 {[%emt 0:00:00]} Kg1 {[%emt 0:00:00]} 64. Rc1# {[%emt 0:00:00] (Lag: Av=0.41s, max=1.0s)} 1-0

[Event "Stay Safe Play From Home 292"]
[Site "Emanuel Lasker Arena"]
[Date "2020.07.10"]
[Round "1"]
[White "MarkonY"]
[Black "Haris kollari 13"]
[Result "1-0"]
[WhiteElo "2326"]
[BlackElo "1727"]
[Annotator "NA"]
[PlyCount "63"]
[EventDate "2020.07.10"]
[EventType "swiss (blitz)"]

1. d4 {[%emt 0:00:01]} d5 {[%emt 0:00:01]} 2. c4 {[%emt 0:00:00]} e5 {[%emt 0:00:01]} 3. Nc3 {[%emt 0:00:00]} exd4 {[%emt 0:00:01]} 4. Qxd4 {[%emt 0:00:00]} dxc4 {[%emt 0:00:01]} 5. Qxd8+ {[%emt 0:00:01]} Kxd8 {[%emt 0:00:01]} 6. e4 {[%emt 0:00:01]} Bb4 {[%emt 0:00:03]} 7. Bxc4 {[%emt 0:00:02]} Be6 {[%emt 0:00:01]} 8. Bxe6 {[%emt 0:00:01]} fxe6 {[%emt 0:00:01]} 9. Nge2 {[%emt 0:00:00]} Nf6 {[%emt 0:00:01]} 10. Bg5 {[%emt 0:00:01]} Ke7 {[%emt 0:00:02]} 11. O-O-O {[%emt 0:00:01]} Nc6 {[%emt 0:00:03]} 12. f4 {[%emt 0:00:02]} h6 {[%emt 0:00:01]} 13. Bh4 {[%emt 0:00:01]} e5 {[%emt 0:00:03]} 14. fxe5 {[%emt 0:00:01]} Bxc3 {[%emt 0:00:05]} 15. Nxc3 {[%emt 0:00:01]} Nxe5 {[%emt 0:00:01]} 16. Nd5+ {[%emt 0:00:00]} Kf7 {[%emt 0:00:04]} 17. Rhf1 {[%emt 0:00:04]} Kg6 {[%emt 0:00:07]} 18. Nxf6 {[%emt 0:00:03]} gxf6 {[%emt 0:00:01]} 19. Bxf6 {[%emt 0:00:01]} Ng4 {[%emt 0:00:06]} 20. Bxh8 {[%emt 0:00:02]} Rxh8 {[%emt 0:00:02]} 21. Rd7 {[%emt 0:00:01]} Rc8 {[%emt 0:00:03]} 22. h3 {[%emt 0:00:02]} Ne3 {[%emt 0:00:01]} 23. Rff7 {[%emt 0:00:02]} Nc4 {[%emt 0:00:02]} 24. Rg7+ {[%emt 0:00:02]} Kh5 {[%emt 0:00:01]} 25. Rxc7 {[%emt 0:00:01]} Rxc7 {[%emt 0:00:02]} 26. Rxc7 {[%emt 0:00:02]} Ne3 {[%emt 0:00:00]} 27. e5 {[%emt 0:00:01]} Nxg2 {[%emt 0:00:01]} 28. e6 {[%emt 0:00:01]} Nf4 {[%emt 0:00:01]} 29. e7 {[%emt 0:00:01]} Nd5 {[%emt 0:00:01]} 30. Rc5 {[%emt 0:00:02]} Kh4 {[%emt 0:00:01]} 31. Rxd5 {[%emt 0:00:01]} Kxh3 {[%emt 0:00:00]} 32. e8=Q {[%emt 0:00:00] Time (Lag: Av=1.03s, max=16.8s)} 1-0

[Event "Stay Safe Play From Home 292"]
[Site "Emanuel Lasker Arena"]
[Date "2020.07.10"]
[Round "1"]
[White "peteranand"]
[Black "Greblah"]
[Result "1-0"]
[WhiteElo "2267"]
[BlackElo "1859"]
[Annotator "TA"]
[PlyCount "63"]
[EventDate "2020.07.10"]
[EventType "swiss (blitz)"]

{[%evp 9,62,18,16,-36,0,-44,-44,-80,-60,-70,-66,-71,-66,-76,-75,-56,-37,-60,-15,-53,-14,-14,15,5,8,8,26,-15,0,-83,-45,-293,-26,-23,-16,-18,0,0,136,64,160,115,116,112,116,79,128,78,172,185,181,180,604,603,29999]} 1. d4 c6 2. c4 d5 3. cxd5 cxd5 4. Nc3 e5 5. Nf3 e4 6. Ng1 {D10: Slav Defence: 3 cxd5 (without early Nf3) and 3 Nc3.} (6. Ne5 $11) 6... Nf6 7. e3 Nc6 8. Qb3 {Black is slightly better.} Be7 {[#]} 9. Nge2 $146 ({Predecessor:} 9. g3 O-O 10. Bg2 Nb4 11. Bf1 b6 12. Bd2 Be6 13. a3 Nc6 14. Nge2 Na5 15. Qd1 {0-1 (26) Baquer,M (1781)-Rayne,R (2181) Salon de Provence 2015}) 9... O-O 10. Nf4 {[%cal Rf4d5]} Na5 11. Qa4 Bd7 12. Qd1 Bc6 13. a3 b6 14. Bd2 Nb7 15. Rc1 Rc8 16. Ba6 Rc7 17. O-O Nd6 18. Qc2 {[#] aiming for Ncxd5!} g5 19. Nh3 (19. Nfe2 $11) 19... h6 (19... Bd7 {with more complications.} 20. Qb3 b5 21. Nxg5 Rc6 22. Bb7 Rxc3 23. Qxc3 Nxb7 24. Qc7 Qxc7 25. Rxc7 Rb8) 20. Nb5 $2 (20. f4 $15) 20... Nxb5 $2 ({Black should try} 20... Bxb5 $19 21. Qxc7 Bxa6) 21. Bxb5 $11 Bxb5 22. Qxc7 Bxf1 23. Kxf1 Re8 (23... Bd6 $1 $11 {keeps the balance.} 24. Qxa7 Ng4) 24. Ng1 (24. Qxa7 $16 Bf8 25. Rc6) 24... Kf8 (24... Bd6 $14 25. Qxa7 Re7) 25. Ne2 Qxc7 26. Rxc7 a5 27. Ng3 Bd8 28. Rb7 Re6 (28... Kg7 $16 {was called for.}) 29. Nf5 $18 Rc6 30. b4 {[#] Strongly threatening bxa5.} axb4 $2 (30... Bc7 31. bxa5 (31. Nxh6 Ne8 $16) 31... bxa5) 31. Bxb4+ Ke8 32. Ng7# {Accuracy: White = 45%, Black = 30%.} 1-0

[Event "Stay Safe Play From Home 292"]
[Site "Emanuel Lasker Arena"]
[Date "2020.07.10"]
[Round "1"]
[White "SoulofWolf"]
[Black "Klasman"]
[Result "1-0"]
[WhiteElo "2261"]
[BlackElo "1388"]
[Annotator "TA"]
[PlyCount "41"]
[EventDate "2020.07.10"]
[EventType "swiss (blitz)"]

{[%evp 9,41,29,66,0,35,41,80,31,47,43,42,0,0,-37,8,-10,-20,-29,216,75,109,120,155,79,84,99,487,468,436,451,596,606,578,364]} 1. d4 f5 2. Nf3 Nf6 3. g3 e6 4. Bg2 d5 5. O-O c5 6. b3 {A81: Dutch Defence: 2 g3.} (6. c4 $14) 6... Nc6 7. Bb2 Bd6 8. e3 {[#] White is better.} cxd4 $146 ({Predecessor:} 8... O-O 9. Ne5 Qc7 10. Nxc6 bxc6 11. Nd2 Ba6 12. c4 Rab8 13. Rc1 Ne4 14. Rc2 Rf7 {0-1 (57) Castella Rovira,J-Rogero Mayoral,A (1830) Girona 2010}) 9. exd4 O-O 10. Nbd2 Ne4 11. Re1 Qb6 12. c3 Bd7 13. Rc1 f4 $2 {[#]} (13... Be8 $11) 14. g4 (14. Nxe4 $18 dxe4 15. Rxe4) 14... Nf6 15. h3 Rf7 16. Ba1 (16. a3 $142) 16... Re8 17. c4 $36 {[%mdl 2048] [#] c5 is the strong threat. White is on the roll.} e5 $2 {[%mdl 8192]} (17... Ba3 $16 {is a better chance.}) 18. c5 $18 {White is clearly winning.} Bxc5 19. dxc5 ({Less strong is} 19. Rxc5 e4 $18) 19... Qa6 20. Nxe5 Nxe5 21. Bf1 {Accuracy: White = 40%, Black = 27%.} 1-0

[Event "Stay Safe Play From Home 292"]
[Site "Emanuel Lasker Arena"]
[Date "2020.07.10"]
[Round "1"]
[White "Haxhi Baha"]
[Black "Lazieri3"]
[Result "0-1"]
[WhiteElo "2003"]
[BlackElo "2059"]
[Annotator "RC"]
[PlyCount "78"]
[EventDate "2020.07.10"]
[EventType "swiss (blitz)"]

1. e4 {[%emt 0:00:01]} c6 {[%emt 0:00:02]} 2. Nf3 {[%emt 0:00:02]} d5 {[%emt 0:00:00]} 3. Nc3 {[%emt 0:00:00]} dxe4 {[%emt 0:00:01]} 4. Nxe4 {[%emt 0:00:00]} Nd7 {[%emt 0:00:02]} 5. Nc3 {[%emt 0:00:00]} Ngf6 {[%emt 0:00:01]} 6. Bc4 {[%emt 0:00:01]} Nb6 {[%emt 0:00:01]} 7. Bb3 {[%emt 0:00:01]} Bg4 {[%emt 0:00:01]} 8. h3 {[%emt 0:00:01]} Bh5 {[%emt 0:00:01]} 9. g4 {[%emt 0:00:01]} Bg6 {[%emt 0:00:01]} 10. d3 {[%emt 0:00:00]} Nfd5 {[%emt 0:00:01]} 11. Bd2 {[%emt 0:00:01]} Nxc3 {[%emt 0:00:01]} 12. Bxc3 {[%emt 0:00:00]} f6 {[%emt 0:00:01]} 13. Bd2 {[%emt 0:00:00]} e5 {[%emt 0:00:01]} 14. Qe2 {[%emt 0:00:00]} Bd6 {[%emt 0:00:01]} 15. h4 {[%emt 0:00:01]} Bf7 {[%emt 0:00:01]} 16. O-O-O {[%emt 0:00:04]} Bxb3 {[%emt 0:00:01]} 17. axb3 {[%emt 0:00:00]} Qc7 {[%emt 0:00:01]} 18. g5 {[%emt 0:00:01]} O-O-O {[%emt 0:00:02]} 19. gxf6 {[%emt 0:00:01]} gxf6 {[%emt 0:00:00]} 20. h5 {[%emt 0:00:01]} f5 {[%emt 0:00:05]} 21. Ba5 {[%emt 0:00:02]} Qf7 {[%emt 0:00:05]} 22. Kb1 {[%emt 0:00:05]} Rhe8 {[%emt 0:00:02]} 23. h6 {[%emt 0:00:03]} e4 {[%emt 0:00:04]} 24. dxe4 {[%emt 0:00:02]} Rxe4 {[%emt 0:00:01]} 25. Qd3 {[%emt 0:00:03]} Bc7 {[%emt 0:00:02]} 26. Qc3 {[%emt 0:00:02]} Nd5 {[%emt 0:00:02]} 27. Qg7 {[%emt 0:00:01]} Rd7 {[%emt 0:00:02]} 28. Qxf7 {[%emt 0:00:02]} Rxf7 {[%emt 0:00:01]} 29. Bxc7 {[%emt 0:00:00]} Kxc7 {[%emt 0:00:00]} 30. Rhg1 {[%emt 0:00:01]} Re2 {[%emt 0:00:03]} 31. Ng5 {[%emt 0:00:01]} Rfe7 {[%emt 0:00:02]} 32. c3 {[%emt 0:00:02]} Rxf2 {[%emt 0:00:01]} 33. Nh3 {[%emt 0:00:02]} Rh2 {[%emt 0:00:01]} 34. Ng5 {[%emt 0:00:03]} Ree2 {[%emt 0:00:01]} 35. Ne6+ {[%emt 0:00:07]} Kb6 {[%emt 0:00:01]} 36. Nd4 {[%emt 0:00:02]} Rxb2+ {[%emt 0:00:00]} 37. Kc1 {[%emt 0:00:01]} Nxc3 {[%emt 0:00:01]} 38. Rd3 {[%emt 0:00:02]} Na2+ {[%emt 0:00:01]} 39. Kd1 {[%emt 0:00:02]} Rb1# {[%emt 0:00:00] (Lag: Av=0.82s, max=1.1s)} 0-1

[Event "Stay Safe Play From Home 292"]
[Site "Emanuel Lasker Arena"]
[Date "2020.07.10"]
[Round "1"]
[White "Grazie"]
[Black "Broken sword"]
[Result "0-1"]
[WhiteElo "1929"]
[BlackElo "2474"]
[Annotator "TA"]
[PlyCount "110"]
[EventDate "2020.07.10"]
[EventType "swiss (blitz)"]

{[%evp 11,110,0,-8,-45,-15,-33,-27,-25,-29,-58,-22,-25,-26,-39,0,-18,2,-22,0,-2,30,14,13,-36,-12,-23,-17,-40,-8,-7,5,-37,-36,-29,-41,-41,-39,-31,-28,-58,5,-14,0,0,22,0,36,-41,0,0,0,-55,-55,-55,-49,-154,-20,-24,-29,-17,-23,-24,-12,-270,-275,-277,-279,-277,-279,-297,-297,-447,-363,-342,-264,-377,-323,-334,-187,-310,-167,-167,-168,-797,-143,-793,-143,-783,-710,-1192,-1138,-1564,-1408,-29983,-29982,-29985,-29986,-29986,-29983,-29992,-29993]} 1. d4 c5 2. c3 cxd4 3. cxd4 d5 4. g3 Nf6 5. Bg2 Nc6 6. Nf3 Bf5 7. Bg5 {D13: Slav Defence: Exchange variation without ...Bf5.} e6 {[#]} 8. Bxf6 $146 ({Predecessor:} 8. O-O Bd6 9. Nbd2 h6 10. Bxf6 Qxf6 11. Nb3 O-O 12. Rc1 a5 13. Nc5 Qe7 14. b3 Rac8 {0-1 (30) Feiler,P (1655)-Kleman,M (1925) Bratislava 1997}) 8... Qxf6 9. e3 {Black has an edge.} Bb4+ 10. Nbd2 Rc8 11. O-O O-O 12. a3 Ba5 13. b4 Bc7 14. Rc1 Bb8 15. Nb3 Rfe8 16. Nc5 b6 17. Nd3 Qd8 18. Qd2 f6 19. Rc2 Re7 20. Rfc1 Rec7 $1 21. b5 {[%cal Rc2c6]} Na5 22. Rxc7 Rxc7 23. Rxc7 Qxc7 24. Nb4 Qc4 25. Bf1 Qc7 (25... Qb3 $15) 26. Bd3 Bg4 27. Ne1 Bh5 28. Nec2 Be8 29. Na1 (29. Na6 $14 Qd8 30. Nxb8 Qxb8 31. Qc3) 29... Qd8 (29... Nc4 $5 {[%cal Rc4d2]} 30. Qa2 Bxb5 $17) 30. Qc2 g6 31. Nc6 (31. Nb3 $11) 31... Nxc6 $1 $15 32. bxc6 Bd6 33. a4 {[#]} (33. Qa4 $15) 33... Qc7 (33... Qc8 $1 $17 34. c7 Qxc7 35. Qxc7 Bxc7) 34. Bb5 $11 Kf7 35. Nb3 Ke7 $36 {[%mdl 2048] Black has some pressure.} 36. h4 a6 37. Be2 $2 {[%mdl 8192]} (37. Bxa6 $11 {and White is okay.} Qxc6 38. Qxc6 Bxc6 39. Bb5) 37... Qxc6 $19 38. Qxc6 Bxc6 39. Bxa6 {If White can now play Bb5 this consolidates a bit.} Bxa4 {[%mdl 4096] Endgame KBB-KBN} 40. Nc1 b5 {[%cal Bb6b5,Bb5b4][%mdl 32]} 41. Na2 (41. Ne2 $142) 41... b4 42. Bd3 Bb3 43. Bb1 (43. Nc1 $142 Ba4 44. Ne2) 43... Bc4 44. Nc1 Kd7 (44... b3 $142 45. f4 e5 46. dxe5 fxe5 47. fxe5 Bxe5) 45. h5 (45. Bc2 $142) 45... f5 (45... b3 $142 46. hxg6 hxg6) 46. hxg6 hxg6 47. f4 $2 (47. Bc2) 47... Kc6 $2 (47... b3 $19 {White must now prevent ...Kc7.} 48. Nd3 Kc6) 48. Kf2 $2 {[%mdl 8192]} (48. Bc2 $17) 48... Kb5 $2 (48... b3 $19 {and Black stays clearly on top. And now ...Kb5 would win.} 49. Nd3 Kb5) 49. Kf3 $2 {[%mdl 8192] This costs White the game.} (49. Bc2 $17) 49... Ka4 50. g4 Ka3 51. gxf5 gxf5 52. e4 fxe4+ {Black mates.} 53. Ke3 {[#]} Kb2 $1 {[%mdl 64] Double Attack} 54. Bxe4 Kxc1 55. Bxd5 Bxd5 {Accuracy: White = 39%, Black = 56%.} 0-1

[Event "Stay Safe Play From Home 292"]
[Site "Emanuel Lasker Arena"]
[Date "2020.07.10"]
[Round "1"]
[White "Edmatuag"]
[Black "AChessPlayer"]
[Result "0-1"]
[WhiteElo "1625"]
[BlackElo "2387"]
[Annotator "TA"]
[PlyCount "78"]
[EventDate "2020.07.10"]
[EventType "swiss (blitz)"]

{[%evp 9,78,-26,-16,-32,-6,-21,-22,-38,-41,-23,-18,-58,-57,-72,-4,-30,0,0,-9,-18,-7,-40,-26,-71,-59,-59,-68,-106,-35,-41,-34,-71,-35,-22,-36,-60,-25,-79,-88,-105,-98,-100,-96,-477,-447,-452,-369,-368,-363,-481,-460,-637,-620,-664,-603,-664,-659,-638,-643,-659,-655,-807,-768,-29973,-29971,-29993,-29983,-29995,-29981,-29998,-29999]} 1. e4 c6 2. d3 d5 3. Nc3 dxe4 4. Nxe4 Nf6 5. Ng3 e6 6. Nf3 {B11: Caro-Kann: Two Knights Variation.} Nbd7 {[#]} 7. Bg5 $146 ({Predecessor:} 7. Be2 Be7 8. O-O O-O 9. a3 b6 10. Bf4 Bb7 11. d4 Nd5 12. Bd2 Rc8 13. Bd3 {0-1 (61) Schmole Rostosky,J-Schrodt,H (1753) Berlin 2013}) 7... Be7 8. Qd2 {The position is equal.} h6 9. Be3 Nd5 10. h3 Nxe3 11. fxe3 Bf6 ({Black should try} 11... Qc7 $17 12. Qf2 O-O) 12. c3 c5 13. d4 b6 14. Ne4 Be7 15. Nf2 Bb7 16. Bb5 O-O 17. O-O Nf6 {[%cal Bd7f6,Bf6d5,Bd5f4,Bf4d3][%mdl 32]} 18. Bd3 a6 (18... Qc7 $17 {aiming for ...Bxf3.} 19. e4 Nh5) 19. e4 cxd4 20. cxd4 b5 21. e5 Nd5 22. Ne4 Bb4 23. Qe2 (23. Qf2 $1 $11) 23... Nf4 $17 24. Qe3 Nxd3 25. Qxd3 Qd5 $36 {[%mdl 2048] Black has strong initiative.} 26. Nf6+ $2 {[%mdl 8192] Loses the game.} (26. a3 $17) 26... gxf6 $19 27. exf6 Qf5 28. Qxf5 exf5 29. Ne5 Be4 30. Rf4 Rfd8 31. Rxe4 fxe4 32. Nc6 {[#]} Rxd4 $1 {[%mdl 512]} 33. Nxd4 {[%mdl 4096] Endgame KRB-KRN} Bc5 34. Rd1 Rd8 35. Kh2 Rxd4 36. Rf1 Bd6+ {Black mates.} 37. Kh1 e3 38. Re1 e2 {[%mdl 64] [#] Deflection} 39. Rxe2 Rd1+ {Accuracy: White = 47%, Black = 71%.} 0-1

[Event "Stay Safe Play From Home 292"]
[Site "Emanuel Lasker Arena"]
[Date "2020.07.10"]
[Round "1"]
[White "UHU4"]
[Black "Lamborghini"]
[Result "0-1"]
[WhiteElo "1455"]
[BlackElo "2211"]
[Annotator "TA"]
[PlyCount "50"]
[EventDate "2020.07.10"]
[EventType "swiss (blitz)"]

{[%evp 9,50,89,132,81,83,14,36,0,84,87,100,15,66,58,61,60,77,70,88,87,79,85,85,39,67,38,37,0,0,1,2,16,1,-68,0,-47,-66,-64,0,0,248,-71,7]} 1. e4 c5 2. d4 d6 3. dxc5 Qa5+ 4. Nc3 Qxc5 5. Nf3 Qc7 6. Be3 {A43: Schmid Benoni.} (6. e5 $142) 6... Nc6 $16 {[#]} 7. Bb5 $146 (7. Qd2 $16) ({Predecessor:} 7. Bc4 Nf6 8. O-O g6 9. Rb1 Bg7 10. Qd2 O-O 11. Bh6 Na5 12. Be2 Nc4 13. Qg5 {1-0 (80) Carrick,P (98)-Welch,H (82) Torquay 2018}) 7... Nf6 $11 8. Nd5 {White is slightly better.} Qd8 (8... Nxd5 $1 $11 {remains equal.} 9. Qxd5 a6) 9. Nxf6+ $16 gxf6 10. Kf1 (10. O-O $16) 10... e6 (10... a6 $11 11. Bc4 Qc7) 11. c4 Bd7 12. g3 Qc7 13. Kg2 h5 14. Re1 a6 15. Ba4 Be7 16. a3 Ne5 17. Nxe5 fxe5 18. f3 h4 19. Bxd7+ Qxd7 20. b4 Rc8 21. c5 ({Better is} 21. Rc1 $11) 21... d5 (21... dxc5 $15 22. Qxd7+ Kxd7) 22. f4 hxg3 23. hxg3 exf4 ({Much worse is} 23... dxe4 $6 24. Qxd7+ Kxd7 25. fxe5 $14) (23... d4 $1 $15 24. Bf2 Bf6) 24. Bxf4 $11 Rg8 $2 {[#]} (24... Bf6 $11) 25. Kf3 $2 (25. exd5 $18 {Strongly threatening Qh5.} Rd8 26. dxe6 Qc6+ 27. Qf3) 25... e5 {[%mdl 32768] Accuracy: White = 40%, Black = 66%. . Loss on time!?} ({Black should play} 25... dxe4+ $17 26. Kg2 Qxd1 27. Raxd1 f5) 0-1

[Event "Stay Safe Play From Home 292"]
[Site "Emanuel Lasker Arena"]
[Date "2020.07.10"]
[Round "2"]
[White "AChessPlayer"]
[Black "Lazieri3"]
[Result "0-1"]
[WhiteElo "2388"]
[BlackElo "2073"]
[Annotator "TA"]
[PlyCount "62"]
[EventDate "2020.07.10"]
[EventType "swiss (blitz)"]

{[%evp 9,61,10,44,27,54,20,131,73,79,39,28,55,301,-13,-10,-52,-47,-74,15,-54,1,-57,-29,-76,-65,-86,-85,-75,-44,-58,-59,-76,-64,-112,-40,-39,-16,-698,-4,-767,228,-885,-387,-754,-222,-575,-567,-1296,-1158,-1959,-1592,-1575,-1465,-29999]} 1. g3 c6 2. Bg2 d5 3. Nf3 Nf6 4. O-O Bf5 5. d3 Qc8 6. Nbd2 {A07: Réti Opening: New York and Capablanca Systems.} Bh3 7. e4 {[#]} h5 $146 (7... Bxg2 $11 {remains equal.} 8. Kxg2 e6) ({Predecessor:} 7... Bxg2 8. Kxg2 dxe4 9. Nxe4 Nbd7 10. Re1 Nxe4 11. dxe4 e5 12. Be3 f6 13. c3 g5 {1-0 (42) Tarmastin,L (1867)-Panzenboeck,S (1506) Austria 2018}) 8. e5 (8. Bxh3 $142 $1 Qxh3 9. Ng5) 8... Ng8 9. Ng5 Bxg2 10. Kxg2 h4 $2 {[#]} (10... e6 $14) 11. Rh1 $2 (11. e6 $1 $18 {[%cal Re6f7][%mdl 512]} h3+ (11... fxe6 12. Ndf3) 12. Kg1 fxe6 13. Ndf3 (13. Qf3 Nf6 $18)) 11... h3+ $11 12. Kg1 {next e6 is good for White.} (12. Kf1 $5 {[%cal Re5e6]}) 12... f6 13. Ngf3 e6 ({Black should play} 13... Qg4 $17) 14. d4 (14. Nh4 $11) 14... Kf7 (14... c5 $15) 15. Nf1 (15. c4 $11) 15... Nd7 16. g4 c5 17. c3 cxd4 18. cxd4 Qc6 19. Ng3 Rc8 20. Be3 {Strongly threatening Rc1.} Qc2 21. Kf1 Qxb2 ({Better is} 21... Nh6 $17 22. exf6 gxf6) 22. Rb1 $15 Qxa2 {And now ...Nh6 would win.} 23. Rxb7 $2 {[%mdl 8192]} (23. Ne2 $11) 23... Ke8 $2 (23... Qa6+ $19 24. Ne2 Qxb7) 24. Nd2 $2 {[%mdl 8192]} (24. Ne2 $11) 24... Bb4 $4 {[%mdl 8192]} (24... Qa6+ $19 {avoids the disaster.} 25. Kg1 Qxb7 26. exf6 gxf6) 25. Ke2 $4 {[%mdl 8192]} (25. Rxb4 $18 fxe5 26. dxe5) 25... Bxd2 (25... Qa6+ $142 26. Ke1 Qxb7) 26. Bxd2 $2 (26. Qa1 Qxa1 27. Rxa1 Bxe3 28. fxe3) 26... Ne7 $2 (26... Qa6+ 27. Ke3 Qxb7 28. exf6 Nb6) 27. Kf3 $2 (27. Qb1 {is more resistant.} Qa6+ 28. Qb5 Qxb5+ 29. Rxb5) 27... fxe5 $19 28. Rxd7 Kxd7 29. g5 e4+ 30. Kg4 {[#]} Nf5 $1 {[%csl Gf5][%cal Rh8h4]} 31. Bf4 (31. Nxf5 exf5+) 31... Rh4# {Accuracy: White = 16%, Black = 36%.} 0-1